000 00552nam a2200169 4500
001 116582
003 ES-MaACL
005 20230906190730.0
007 t|
008 061121s1978 sp r ||||1| spa d
100 1 _aOtero, Juan.
_987890
245 1 0 _aComentarios a los reglamentos de la reforma fiscal de urgencia /
_cJuan Otero.
260 _aMadrid :
_bAsociación para el Progreso de la Dirección,
_c1978.
300 _a199 p. ;
_c23 cm.
710 2 _aAsociación para el Progreso de la Dirección.
_91775
852 _aES-MaACL
_jA-8212
_bR.97456
999 _c116582
_d116582